00421nam a2200157Ia 4500020001500000040000800015082002600023100001700049245003300066250001600099260003500115300002800150500005600178650000900234700002000243 a0834802031 cERE a796 WEA 1985 A085 Or.1 aCuyler, P. L10aSumo :bfrom rite to sport / a1st pbk. ed aNew York :bWeatherhill,c1985 a230 p. :bill. ;c23 cm a"Revised and updated by Doreen Simmons"--T.p. verso 0aSumo1 aSimmons, Doreen